000 00422nam a2200145Ia 4500
008 180921t2014 xxu||||| |||| 00| 0 eng d
041 _aeng
080 _a001
_bCOM
245 _aCompilation of case studies community Governance in Infrastructure Service Project in Sri Lanka
260 _bPractical Action
_aColombo
_c2014
300 _b94p, 30cm
942 _cBK
999 _c1069
_d1069
003 LK-CoDNM
040 _aLK-CoDNM
_dLK-CoDNM
_eLK-CoDNM